000 01120nam a2200337 i 4500
003 EG-GICUC
005 20260121101742.0
008 260119s1916 uk ||||fr|||| 001 0 eng d
040 _aEG-GiCUC
_beng
_cEG-GiCUC
_dEG-GiCUC
_erda
041 _aeng
082 0 4 _221
_a341.60493
_bWH . B
092 0 4 _221
099 _aLaw1 11 341.60493 WH . B 1916
100 1 _a Whitlock, Brand
_eAuthor.
245 1 0 _aBelgium Under The German Occupation :
_bA Personal Narrative.
_nVolume II /
_cBy Brand Whitlock.
264 1 _aLondon :
_bWilliam Heinemann,
_c[1916?].
300 _a478 pages,
_billustrationsm,
_c24 c
336 _2rda content
_atext
337 _2rda media
_aComputer
338 _2rda carrier
_aOnline Resource
500 _aIncludes index.
504 _aBibliography: pages 271-277.
546 _aText in English
650 1 4 _aDroit de la guerre
_2qrmak
_v(International law)
650 1 4 _a Droit international humanitaire
650 1 4 _aPublic international law
_2qrmak
651 1 _2qrmak
856 4 0 _uhttps://fll.law.cu.edu.eg/fulltext/bks/B11-06973.pdf
905 _a79
942 _2ddc
_cBK
_e21
_n0
999 _c57893
_d57893